|
|
|
|
| LEADER |
01514nam a2200373 a 4500 |
| 001 |
35521 |
| 003 |
BD-DhAAL |
| 005 |
20211130113232.0 |
| 008 |
190916t1996 enk b 001 0 eng d |
| 999 |
|
|
|c 41269
|d 41269
|
| 010 |
|
|
|a 95008947
|
| 020 |
|
|
|a 0750704500 (pbk. : acidfree paper)
|
| 020 |
|
|
|a 0750704497 (cased : acidfree paper)
|
| 020 |
|
|
|a 9780750704502
|
| 040 |
|
|
|a DLC
|c DLC
|d DLC
|d BD-DhAAL
|
| 043 |
|
|
|a e-uk---
|
| 050 |
0 |
0 |
|a LB2331.5
|b .C665 1996
|
| 082 |
0 |
0 |
|a 378.1040941
|2 20
|
| 245 |
0 |
0 |
|a Consorting and collaborating in the education market place/
|c edited by David Bridges and Chris Husbands.
|
| 260 |
|
|
|a London ;
|a Washington, D.C. :
|b Falmer Press,
|c c1996.
|
| 300 |
|
|
|a vi, 186 pages ;
|c 24 cm.
|
| 490 |
1 |
|
|a Education policy perspectives series
|
| 504 |
|
|
|a Includes bibliographical references and index.
|
| 526 |
|
|
|a BIED
|
| 541 |
|
|
|a Complimentary copy from BIED
|e 35521
|
| 650 |
|
0 |
|a University cooperation
|z Great Britain.
|9 34677
|
| 650 |
|
0 |
|a Universities and colleges
|z Great Britain
|x Finance.
|9 34678
|
| 650 |
|
0 |
|a Education.
|9 34679
|
| 700 |
1 |
|
|a Bridges, David,
|d 1941-
|9 34680
|
| 700 |
1 |
|
|a Husbands, Chris,
|d 1959-
|9 34681
|
| 830 |
|
0 |
|a Education policy perspectives.
|9 34682
|
| 852 |
|
|
|a Ayesha Abed Library
|c BIED Collection
|
| 942 |
|
|
|2 ddc
|c BK
|
| 952 |
|
|
|0 0
|1 0
|2 ddc
|4 0
|6 378_104094100000000_CON
|7 0
|9 66324
|a BRACUL
|b BRACUL
|c GEN
|d 2019-09-16
|e Complimentary copy from BIED
|l 0
|o 378.1040941 CON
|p 3010035521
|r 2019-09-16
|t 1
|w 2019-09-16
|y BK
|x Transferred from BIED to General Stacks
|